Lisa Stansfield Discography - Statistics

General Stats
  • This quiz has been taken 5 times
  • The average score is 7 of 17
Answer Stats
Type Year Name % Correct
Album 1997 Lisa Stansfield
100%
Album 1989 Affection
80%
Album 2001 Face Up
80%
Album 1991 Real Love
80%
Album 2014 Seven
80%
Remix Album 2014 Seven+
80%
Compilation 2003 Biography: The Greatest Hits
40%
Album 1993 So Natural
40%
Collaborative Live EP 1993 Five Live
20%
Live Album 2015 Live in Manchester
20%
Remix Album 2014 People Hold On ... The Remix Anthology
20%
Soundtrack 1999 Swing
20%
Box Set 2014 The Collection 1989-2003
20%
Compilation 1996 In Session
0%
Box Set 2003 The Complete Collection
0%
Album 2004 The Moment
0%
Remix Album 1998 The Remix Album
0%
No matching quizzes found
Score Distribution
Percent of People with Each Score
Percentile by Number Answered
Your Score History
You have not taken this quiz